000 00696nam a2200265Ia 4500
005 20260121165122.0
008 008 260114s9999 xx 000 0 eng d
020 _a9781137590664
037 _aEBOOK
040 _aCRL
040 _beng
040 _cCRL
041 _2eng
041 _aeng
084 _qCRL
100 _aIzabela Grabowska, Micha? P. Garapich, Ewa Ja?wi?ska, Agnieszka Radziwinowiczówna
_91047751
245 0 _aMigrants as Agents of Change
260 _bSpringer
260 _bSpringer
260 _c2017
856 _uhttps://link.springer.com/openurl?genre=book&isbn=978-1-137-59066-4
942 _cEBOOK
999 _c1613476
_d1613476